| 000 | 00681nam a22001937a 4500 | ||
|---|---|---|---|
| 005 | 20100814153133.0 | ||
| 010 | _aENG-100525 | ||
| 020 | _c150.00 | ||
| 035 | _aEN-84058 | ||
| 037 | _bDBAD/PUB | ||
| 082 | _a537.6225 | ||
| 100 |
_aChithra,S R _913513 |
||
| 245 |
_aLow dimensional semiconductor physics / _cby S R Chithra |
||
| 260 |
_aDindigul _bAyyanar Pathippagam _c2008 |
||
| 270 |
_a41/20 Vivekananda Nagar Extn _bDindigul _e624001 |
||
| 300 |
_avarious paging _c27cm(pbk) |
||
| 942 |
_2ddc _cEN _h537.6225 _mCHI |
||
| 999 |
_c41970 _d41970 |
||